| 000 | 00915nam a2200277 a 4500 | ||
|---|---|---|---|
| 001 | 000012040 | ||
| 005 | 20200929162653.0 | ||
| 008 | 091103s1996 sp a 000 f spa d | ||
| 020 | _a842042918X | ||
| 040 |
_aDO-SdBNP _bspa _cBNPHU |
||
| 041 | 1 | 7 |
_aspa _heng _2Código de idioma MARC |
| 082 |
_a813.54 _bS699a |
||
| 100 | 1 |
_aSontag, Susan, _d1933-2004 _911917 |
|
| 240 | 1 | 4 |
_aThe volcano lover. _lEspañol |
| 245 | 1 | 3 |
_aEl amante del volcán / _cSusan Sontag ; traducción de Marta Pessarrodona. |
| 260 |
_aMadrid : _bSantillana, _c1996. |
||
| 300 |
_a556 : _bil. ; _c18 cm. |
||
| 490 | 1 |
_aAlfaguara bolsillo _v45 |
|
| 534 |
_pTítulo original en inglés: _tThe volcano lover _c1992 |
||
| 650 | 4 |
_aNovela estadounidense _9262 |
|
| 650 | 4 |
_aLiteratura estadounidense _ySIGLO XX _96874 |
|
| 700 | 1 |
_aPessarrodana, Marta, _etr. _928479 |
|
| 830 | 0 |
_aAlfaguara bolsillo ; _v45 _94125 |
|
| 910 | _aWM | ||
| 049 | _aBNGR | ||
| 999 |
_c11708 _d11708 |
||